| 000 | 00528nam a2200133Ia 4500 | ||
|---|---|---|---|
| 008 | 150609s9999 xx 000 0 und d | ||
| 050 |
_aT 1 _b.Sa116 2015 |
||
| 100 | _aSabila, Mark Ronie A. | ||
| 245 |
_aVehicle maintenance and trip management system for almaleen trucking incorporated / _cMark Ronnie A. Sabila |
||
| 260 |
_aLas PiƱas, Philippines : _bSISC, _c2015. |
||
| 300 |
_a92 pages : _billustrations (some color) ; _c28 cm. |
||
| 500 | _aIncludes bibliographical references and appendices. | ||
| 650 | _aManagement System | ||
| 999 |
_c285041 _d285041 |
||